[Event "Athens Acropolis"]
[Site "Athens"]
[Date "2003.08.27"]
[Round "3"]
[White "Atalik, Suat"]
[Black "Banikas, Hristos"]
[Result "1/2-1/2"]
[WhiteElo "2599"]
[BlackElo "2530"]
[Annotator "Atalik,S"]
[PlyCount "84"]
[EventDate "2003.08.25"]
[EventType "tourn"]
[EventRounds "9"]
[EventCountry "GRE"]
[EventCategory "12"]
[SourceTitle "CBM 097"]
[Source "ChessBase"]
[SourceDate "2003.11.11"]
[SourceVersion "1"]
[SourceVersionDate "2003.11.11"]
[SourceQuality "1"]

1. Nf3 Nf6 2. c4 c6 3. Nc3 d5 4. e3 a6 5. d4 {Chebanenko's or Moldavian Slav
is over the board now.} b5 ({Alekhine's move} 5... e6 $5 {reancarnated by
Misha Gurevich is also possible in this opening.}) 6. b3 Bg4 (6... Bf5 7. Bd3
e6 8. Bxf5 exf5 9. O-O {is very popular these days for both colors.}) 7. Be2 {
White has to prepare h3 since he needs protection by his queen for the
queenside.} e6 8. h3 Bh5 (8... Bf5 {looked always risky to me but people do
have different opinions about it.} 9. O-O Nbd7 10. Bb2 (10. Bd3 $5 Bb4) 10...
Bd6 11. Bd3 $5) 9. O-O Nbd7 10. Bb2 Bd6 11. Ne5 Bxe2 12. Nxe2 Qc7 {GM Dautov's
contribution to theory. Because of this white has to include h3.} 13. cxd5 cxd5
14. Rc1 Qb8 (14... Qb7 $2 15. Qc2 {results in whites invasion along c file.})
15. Nxd7 Nxd7 ({Khalifman's move is still not refuted.} 15... Kxd7 $5 16. f3
Qb7 $1 {Black has to try to take some measures on c line.} (16... Ke7 $6 17. e4
dxe4 18. fxe4 Nxe4 19. d5 Rd8 20. Qe1 $40) 17. Nf4 $1 (17. Qe1 $5 Rhc8 18. Qh4
(18. e4 $6 dxe4 19. d5 Qxd5 20. Rd1 Qg5 21. fxe4 Rc2 22. Rxd6+ Kxd6 23. e5+ Kd7
24. Bc1 Rxc1 25. Nxc1 Nd5 26. Rxf7+ Ke8 27. Rf3 Rc8 28. Nd3 Rc2 29. Qf1 Kd7 $11
) 18... Rxc1 19. Nxc1 $14) 17... Bxf4 18. exf4 Rac8 $13) 16. e4 $1 {Touching
the pawn is lethal for black.} Nb6 $6 $146 {After some long thought my
opponent decided for this strange move.} ({After the natural} 16... O-O 17. e5
Be7 18. Ng3 {may generate some kingside attack.} (18. Nf4 Bg5 19. Qg4 Bxf4 20.
Qxf4 b4 21. Rc6 Rc8 22. Rfc1 Rxc6 23. Rxc6 a5 $14) (18. Rc3 Rc8 19. Rg3 $13))
17. e5 Be7 18. Nf4 $5 {This is a multi purpose move, I had some ideas
connected with queenside too.} g6 {Protecting h5 square.} (18... Bg5 $2 {
is of course catastrophic.} 19. Nxe6 $1 Bxc1 20. Nxg7+ Kf8 21. Bxc1 Kxg7 22.
Qg4+ Kf8 23. Ba3+ Ke8 24. Qg7 $18) 19. Nd3 (19. Qg4 h5 20. Qf3 Qb7 {did not
appeal to me.}) 19... O-O 20. Qd2 (20. f4 $2 Nc4 $1 (20... f5 21. Nc5)) 20...
Rc8 21. Rxc8+ {I wanted to chop the rook of since Ba3 in case of doubling
attempt annoyed me.} (21. Bc3 Ba3 22. Rc2 Qc7 23. Ne1 Qb7 24. Nf3 Be7 $13 {
and we are almost in the starting point.}) 21... Qxc8 22. Rc1 Qe8 $8 {
Practically the only square.} (22... Qd8 $2 23. Bc3 Ba3 24. Rc2 Rc8 25. Ba5
Rxc2 26. Qxc2 Qc8 27. Nc5 Nd7 28. b4 Nxc5 29. dxc5 d4 30. c6 $18) (22... Qb7
23. Nc5) 23. Bc3 {I did not want to give him time to consolidate but} ({
None of the following possibilities appealed to me.} 23. Qa5 Bd8 24. Qe1 a5) (
23. Rc7 Qd8) (23. g4 a5) 23... Rc8 24. Ba5 Nd7 25. Bc7 $1 $16 {It looks like
black is doomed to passivity.} Bd8 $6 {I did not expect this.} (25... Nc5 $5
26. Nxc5 Rxc7 27. b4 $1 $16 (27. Nxa6 $2 Rxc1+ 28. Qxc1 Qa8 29. Qc7 Qxa6 30.
Qxe7 Qxa2 $11)) 26. Bd6 (26. Qa5 $2 Bxc7 27. Rxc7 Qd8 28. Rxc8 Qxc8 29. Nc5
Nxc5 30. Qc3 b4 $1 $132) 26... Bb6 {Now his bishop also went away from the
defence of his kingside.} 27. Rxc8 $6 (27. Nc5 {looks like the move but I did
not like it.} Rc6 28. b4 $1 (28. Nxa6 $2 Rxc1+ 29. Qxc1 Bxd4 30. Qc6 Qd8 31.
Qxb5 Qg5 $132) 28... f6 $16 {white is better but nothing concrete comes out.})
27... Qxc8 28. Ne1 $1 {This is what I was relying on. Sudden switch to the
other flank poses problems for black.} a5 29. Nf3 {I could have tried to
prevent his only idea b4 and Qc3.} (29. a3 a4 30. bxa4 bxa4 31. Nf3 Qc4 32. g4
$14 {Since no mate comes out of direct attempts I have decided for the text.} (
32. Qh6 Bxd4 33. Ng5 Qc1+ 34. Kh2 Qf4+ 35. Kh1 Qc1+ $11) (32. Kh2 Kg7 33. Qg5
Bxd4 34. Qd8 Bxe5+ $1 35. Nxe5 Qf4+ $11) (32. Qg5 Kg7)) 29... b4 {This is a
critical position.} 30. h4 {I wanted to prevent any possibility of Qc1-f4
since my queen would leave c1-h6 diagonal by having an extra square namely h3
in my kings disposal.} (30. g4 Qc3 31. Qxc3 bxc3 32. Kf1 c2 33. Ba3 Nb8 34. Ke2
Nc6 35. Kd3 Nb4+ 36. Kd2 Nxa2 37. Kxc2 Nb4+ 38. Bxb4 axb4 39. g5 $11) (30. Kf1
$142 {Maybe this was the idea. I should show some patience and try to bring my
king to the other wing.} Bc7 31. Be7) (30. Qh6 Qc2 $132) (30. Qf4 Qc2 31. g4
Qe4 $11) 30... Bd8 (30... Qc3 $2 31. Qg5 h6 32. Qxh6 $1 (32. Qe7 $2 Qc8 33. h5
Qd8 $1 $14) 32... Bxd4 33. Ng5 Qa1+ (33... Qe1+ 34. Kh2 Bxe5+ 35. f4 Bxf4+ 36.
Bxf4 Nf6 37. Nf3 $1 $18 {tactics work in whites way.}) 34. Kh2 Bxe5+ 35. g3 $18
) 31. h5 $2 $138 {Throwing away a pawn without any clear plan! This is my
typical irresponsable play these days.} (31. g4 $2 Qc3 {is no good because h4
needs protection.}) (31. g3 h5 (31... Qc3 $2 32. Qxc3 bxc3 33. Ne1 f6 34. f4
Kf7 35. Kf2 Be7 36. Bxe7 Kxe7 37. Ke3 $18) 32. Kg2 Kg7 33. a3 $1 bxa3 34. Bxa3
$16) 31... gxh5 $1 $36 {And now what?} 32. g3 Qc3 33. Qe2 Kg7 $1 34. Kg2 Nf8
35. Bxf8+ $6 {I have thought thatI have calculated pretty well despite of time
trouble but in reality} (35. Qb5 $1 Ng6 36. Qe8 h4 $1 37. Qxd8 h3+ 38. Kxh3
Qxf3 39. Qf6+ Qxf6 40. exf6+ Kxf6 41. Bc7 Ne7 (41... Kf5 $2 42. Bxa5 Ke4 43.
Bxb4 Kxd4 44. a4 Ne5 45. a5 Nc6 46. a6 e5 47. Kg4 $16) 42. Bd8 $1 {I have
missed that} (42. Bxa5 $2 Nc6 43. Bb6 e5 44. Bc5 Ke6 $1 (44... exd4 45. Kg2 Ke5
46. Kf3 f5 47. Ke2 $132) 45. Kg2) 42... e5 43. dxe5+ Ke6 44. Bxe7 Kxe7 45. Kg4
Ke6 46. Kf4 (46. f4 $2 h5+ 47. Kxh5 Kf5 $19) 46... h6 47. g4 $8 (47. f3 h5 $19)
47... d4 (47... f6 $2 48. exf6 Kxf6 49. Kg3 Kg5 50. f4+ Kg6 51. Kf3 h5 52. f5+
Kg5 53. gxh5 Kxh5 54. Kf4 d4 55. Ke4 Kg5 56. Kxd4 Kxf5 57. Kc5 $18) 48. Ke4 d3
49. Kxd3 Kxe5 50. Ke3 f5 51. f3 Ke6 52. Kf4 Kf6 53. Kg3 Kg5 54. Kh3 $11) 35...
Kxf8 36. Qb5 Kg7 37. Qe8 Qc7 38. Kh3 h6 39. Ne1 $6 {I have lost my composure
immediately.} (39. Kg2 Bg5 $17) 39... Qc1 $4 $138 {He played that very quick.}
(39... h4 $1 {wins easily.} 40. Nd3 (40. Ng2 hxg3 41. fxg3 Bg5 $19) (40. gxh4
Qc3+ 41. Kg2 Bb6 42. Nf3 Bxd4 $19) 40... hxg3 41. fxg3 Qe7 42. Qxe7 (42. Qb5
Qg5 43. Nf4 Qf5+ 44. Kh2 Bg5) 42... Bxe7 43. Kg4 f6 44. Kf3 $17 {may create
some problems to convert but still white is really worse.}) 40. Qxd8 Qxe1 41.
Qf6+ Kg8 42. Kh2 $1 $11 {It is impossible to get rid of white's queen.} Qd2 (
42... Qd2 43. Qd8+ Kh7 44. Qf6 $11) (42... Qe2 43. Qd8+ Kh7 44. Qf6 $11) (42...
Qe4 43. Qxh6 Qf5 44. Kg1 $11) 1/2-1/2

[Event "Athens Acropolis"]
[Site "Athens"]
[Date "2003.08.31"]
[Round "7"]
[White "Atalik, Suat"]
[Black "Tzermiadianos, Andreas"]
[Result "0-1"]
[WhiteElo "2599"]
[BlackElo "2418"]
[Annotator "Atalik,S"]
[PlyCount "88"]
[EventDate "2003.08.25"]
[EventType "tourn"]
[EventRounds "9"]
[EventCountry "GRE"]
[EventCategory "12"]
[SourceTitle "CBM 097"]
[Source "ChessBase"]
[SourceDate "2003.11.11"]
[SourceVersion "1"]
[SourceVersionDate "2003.11.11"]
[SourceQuality "1"]

1. d4 {Huebner,R} d5 2. c4 c6 3. Nf3 Nf6 4. Nc3 a6 5. c5 {This move leads to
closed positions which I usually dislike though it is the most challenging
approach against this type of Slav my opponent has chosen.} Nbd7 {This is
people's choice including, even I did this.} 6. h3 $5 Qc7 7. Bg5 h6 8. Bh4 {
Huebner,R: 'Eine ausgeglichene Stellung entsteht nach'} (8. Bxf6 {Huebner,R}
Nxf6 9. e3 Bf5 10. Bd3 Bxd3 11. Qxd3 e6 $11 {1/2-1/2 Horvath,P-Burmakin,V/
Oberwart 2001/EXT 2002 (38). (38)}) 8... Nh5 $1 $146 {A good novelty.
According to my teammate Sotiris Logothetis this novelty belongs to GM Loek
van Wely. When "Jerry" had problems with what to do in this line, Loeky
mentioned this plan.} 9. g4 $8 (9. e3 $2 g5 10. Nd2 Ndf6 11. Be2 Nf4 $1 $17)
9... g5 10. gxh5 gxh4 11. e3 e5 12. Nxh4 exd4 13. exd4 {After all these more
or less forced moves I was happy with my extra (!) pawn.} Qf4 $5 {This was
unexpected. Huebner,R: 'Auch diese Stellung dürfte ungefähr im Gleichgewicht
sein.'} ({I have only considered} 13... b6 $5 14. Qe2+ Kd8 15. cxb6 Nxb6 16.
Ng2 Bg7 17. O-O-O Be6 (17... c5 18. dxc5 Qxc5 19. Qc2 Be6 (19... Bb7 20. Ne3 d4
21. Rg1 Bf6 22. Bg2 Bxg2 23. Rxg2 $16) 20. Ne3 Rc8 (20... d4 21. Ne2) 21. Bxa6
Rc7 22. Nb5 Bf5 23. Qxc5 Rxc5+ 24. Kd2 Nc4+ 25. Nxc4 Rxc4 26. Nc3 $1 $16) 18.
Ne3 (18. Qf3 c5 19. dxc5 Qxc5 $40) 18... Qf4 19. Qd2 Bf6 $1 20. Rg1 Bh4 21. Rg2
Bxh3 22. Ne2 Qf6 23. Rg1 Be6 24. Ng3 Bg5 25. Kb1 $16) 14. Ng2 {I have
understood that this is forced and he will keep his king in the center.} ({
I was thinking that} 14. Qg4 $2 {makes the text impossible but after} Qf6 {
white is in a bad shape.}) 14... Qf6 15. Qe2+ Kd8 $1 {This is a brilliant idea.
Black is ready to throw everything on whites king.} (15... Be7 $6 16. O-O-O Nf8
17. Qe3 Ne6 18. Be2 $16) 16. O-O-O Bg7 17. f4 $1 {I have to occupy some
squares.} (17. Re1 $2 Kc7 $1 (17... Qxd4 18. Qe7+ Kc7 19. Qd6+ $11)) 17... Re8
18. Qd2 Nf8 19. Ne2 $1 {Starting with this move I have done weird maneuvers
with my knights but seems like this is the best plan.} (19. Na4 $2 Ne6 $1 (
19... Bf5 20. Qa5+ Kc8 21. Nb6+ Kb8 22. Nxa8 Kxa8 $44) 20. Nb6 Rb8) 19... Bf5
20. Ne3 Bh7 21. h4 $2 {I have decided to show some activity but there is a
hole in my calculations.} ({I had to consolidate and set up my pieces in such
a way to prevent his tactics.} 21. Rg1 Ne6 22. Rg3 Kc7 (22... Kd7 23. Bg2 Re7
24. f5 $1 Nc7 (24... Ng5 25. Nc3 Rae8 26. h4) 25. Rf1 $16) 23. Bg2 Rad8 24. f5
Ng5 25. Nc3 Kb8 26. h4 Ne4 27. Bxe4 dxe4 28. Qg2 $16) 21... Ne6 (21... Rxe3 $2
22. Qxe3 Qf5 23. Qb3 $18) 22. Bh3 a5 $2 {'?!' Huebner,R.} ({He has sort of
trusted me and missed} 22... Nxf4 $1 {Huebner,R: 'kommt durchaus in Betracht:'}
23. Qa5+ Ke7 24. Qc7+ (24. Nf5+ Bxf5 25. Nxf4 Bxh3 26. Nxh3 Kf8 $17) 24... Kf8
25. Nxf4 Rxe3 26. Ng6+ (26. Rhf1 Qe7 {'-/+' Huebner,R.}) (26. Rdf1 {Huebner,R}
Qe7 $17) 26... Bxg6 27. hxg6 Re7 $17) 23. f5 $1 {This is no blunder, I was
considering the incoming ending better for me but it is just equal. However
during the game I have thought that I had better of it.} (23. Rhg1 {Huebner,R}
Bh8 24. Ng2 {sieht nicht geschmackvoll aus, ist aber vielleicht stärker.})
23... Nxc5 {He has to take this one and go in the endgame.} (23... Nxd4 $2 24.
Nxd4 Qxd4 25. Qxd4 Bxd4 26. Nxd5 $16) 24. Nxd5 cxd5 (24... Nb3+ {Huebner,R} 25.
axb3 cxd5 26. Nc3 {führt zu etwa gleichem Spiel.}) 25. dxc5 Qxb2+ 26. Qxb2
Bxb2+ 27. Kxb2 Rxe2+ 28. Kc3 Kc7 29. Rxd5 {After a bunch of forced moves we
have this interesting ending. During the game the facts that Bh3 is better
placed compared to Bh7 and my king up on the board made me think that white
was better but things were not that simple.} Rg8 $6 {Why this line he needs
the double rooks battery on the e line.} ({This is what I was worried the most
since at this point I have realised that the result will just be a draw if he
choses this one.} 29... Rae8 $1 30. Rd6 (30. Rhd1 R8e3+ 31. R1d3 Rxd3+ 32. Rxd3
Rxa2 33. Kc4 (33. Kd4 Ra4+ 34. Ke5 Rxh4 35. Kf6 Rxh5 36. Rf3 Kc6 37. Kxf7 Bxf5
38. Bxf5 Kxc5 $17) 33... Ra4+ (33... Rc2+ 34. Kd5 $44) 34. Kb5 Rf4 35. Rd6 Bxf5
36. Bxf5 Rxf5 37. Rxh6 a4 38. Kxa4 Rxc5 $11) 30... R8e3+ $11) (29... Rxa2 {
This natural capture also leads to a draw. Huebner,R: 'gibt dem Schwarzen auf
jeden Fall gutes Spiel, zum Beispiel'} 30. Rd6 (30. Rhd1 {Huebner,R} Ra3+ 31.
Kc4 Rxh3 $19) (30. Re1 {Huebner,R} Ra3+ 31. Kc4 Ra4+ 32. Kb3 Rxh4 33. Re7+ Kc6
34. Bg2 Rg8) (30. Rd6 Ra6) (30. Rhd1 Ra3+ 31. Kc4 Rxh3 $19) 30... Ra6 31. Rxa6
bxa6 32. Kd4 Ra4+ 33. Ke5 Rxh4 34. Bg2 Rc4 (34... Rxh1 $4 {Only this loses.}
35. Bxh1 a4 36. Bd5 Bg8 37. Kf6 Bh7 38. Bxf7 Kc6 39. Ke5 Kxc5 (39... Bxf5 40.
Kxf5 Kxc5 41. Kg6 $18) 40. f6 $18) 35. Kf6 a4 (35... Rxc5 36. Be4 a4 37. Rf1 a3
38. Bb1 Ra5 39. Ba2 Kd6 40. Bxf7 a2 41. Bxa2 Rxa2 42. Kg7 Bxf5 43. Rxf5 Rg2+
44. Kxh6 Ke7 $11) 36. Rf1 Rxc5 37. Be4 a3 38. Bb1 $11) 30. Rd6 Rf2 $6 {Another
bad move having absolutely no meaning!} ({The e line yes the e line is very
important.} 30... Rg3+ 31. Kd4 Rge3 $11 (31... Bg8 {Huebner,R} 32. Rxh6 Rxa2 {
führt zu einer etwa ausgeglichenen Stellung, zum Beispiel} 33. Ke5 Rc2 34. Rh8
f6+ 35. Kxf6 Bd5)) (30... Rxa2 {Huebner,R} 31. Rxh6 Rg3+ 32. Kd4 Bg8 {kommt
auf dasselbe hinaus.}) 31. Kd4 $1 {He probably has missed that one.} (31. Kd3
$2 Rg3+ 32. Ke4 Rxh3 33. Rxh3 Bxf5+ 34. Ke3 Rxa2 $17) 31... Re8 {With this
move he sort of admits his mistake.} (31... Bxf5 $2 32. Ke3 Bxh3 33. Kxf2 $16)
32. Rf6 Re7 33. Rg1 {This is similar to} (33. Kd3 Rfe2 34. Rxf7 R2e3+ 35. Kd2
Re2+ 36. Kd1 Rxf7 37. Kxe2 Bxf5 38. Bg2 $14) 33... Rf4+ 34. Kd5 Rxh4 $2 {
'?!' Huebner,R. A very bad move, once again the e line is critical, he drifted
away with this one.} ({Huebner,R: Besser ist} 34... Rfe4 $8 35. Rxf7 R4e5+ 36.
Kd4 Re4+ 37. Kd3 Re3+ 38. Kd2 Re2+ 39. Kd1 Rxf7 40. Kxe2 Bxf5 {Huebner,R: ',
und Schwarz sollte mühelos remis halten.'} 41. Bg2 (41. Bxf5 Rxf5 42. Rg7+ Kc8
43. c6 bxc6 44. Rg6 Rxh5 45. Rxc6+ Kd7 46. Rc4 $11) 41... b6 (41... Bg4+ 42.
Ke3 Bxh5 43. Rb1 Kc8 44. Rb6 Rc7 45. Kd4 Rd7+ 46. Kc3 Rc7 47. Rxh6 Rxc5+ 48.
Kd4 Rb5 49. a3 Bg4 50. Bd5 Rb1 $16) 42. cxb6+ Kxb6 $14) 35. Rg7 $2 {This is
absolutely idiotic. I of course had to keep the bishops in the game.} (35. Bg4
Bg8 36. Kd4 (36. Bf3 Re3 37. Rg4 $18 (37. Rxg8 $2 Rd3+ 38. Ke5 Re3+ $11)) (36.
Rxh6 {Huebner,R} f6+ 37. Kd4 Rg7 38. Rg6 Rxg6 39. hxg6 Bxa2 {ist nicht klar.})
36... Rh2 37. Rxh6 Rd2+ 38. Kc3 Red7 39. Rd6 (39. Rg3 {Huebner,R} Rxa2 40. Bf3
Ra3+ 41. Kc4 Rdd3 {führt zum Ausgleich.}) 39... R2xd6 40. cxd6+ Rxd6 (40...
Kxd6 41. Rd1+ (41. Bf3 {Huebner,R} Bh7 42. Rd1+ Kc7 43. Rxd7+ Kxd7 {verspricht
weniger.}) 41... Kc7 42. Rxd7+ (42. a4 {(Huebner,R) Die Aufgabe des Schwarzen
ist nicht einfach.}) 42... Kxd7 43. f6+ Kd6 44. Bf5 Ke5 45. Bd3 Kxf6 46. h6 Ke5
47. h7 Bxh7 48. Bxh7 f5 49. a4 f4 50. Kd3 b5 51. axb5 Kd5 52. Kc3 $1 Kc5 53.
Bd3 $18) 41. Be2 $18 Bh7 {Huebner,R} 42. Rg7 Bxf5 43. Rxf7+ Bd7 44. Bb5 {
und Weiß gewinnt.}) 35... Rxh3 {'?' Huebner,R.} (35... Rhe4 {Huebner,R} 36.
Rfxf7 Bg8 37. Rxg8 R4e5+ {führt zum Remis.}) 36. Rfxf7 $4 {What a play by what
a player! Even a blind man could have seen that it leads to serious material
loss.} ({Running short of time I was frustrated with} 36. Rxh7 Rxh5 (36... Rd7+
$2 37. Rd6 $18) 37. Rhxf7 (37. Rfxf7 $2 Rxf5+ $1 {is the trick which made me
to go for the disastrous move I have chosen in the game.}) 37... Kd7 $1 {
However white wins by very exact play.} 38. Rxe7+ Kxe7 39. Ke5 Rh2 40. Re6+ $1
(40. Rb6 $2 Re2+ 41. Kd4 Rxa2 $1 (41... Rd2+ 42. Kc3 Rxa2 43. Rxb7+ Kf6 44. c6)
42. Rxb7+ (42. Rxh6 Rb2 $11) 42... Kf6 43. c6 Rc2 44. c7 a4 45. Kd5 Kxf5 46.
Rb5 Rxc7 47. Kd6+ Kg4 48. Kxc7 h5 $11) 40... Kd7 (40... Kf7 41. a4 Re2+ 42. Kd6
Rd2+ 43. Kc7 Rd5 44. Kb6 h5 45. Rh6 Rxf5 46. Rh7+ Kg6 47. Rxb7 h4 48. c6 $18)
41. Rd6+ Ke7 42. f6+ Ke8 43. Re6+ (43. Rb6 {(Huebner,R) Weiß hat prächtige
Gewinnaussichten.}) 43... Kf8 44. Rb6 Re2+ 45. Kd6 Kf7 (45... Rd2+ 46. Kc7 Rd5
47. Rb5 h5 48. Kxb7 h4 49. Kb6 h3 50. Rb2 $18) 46. Rxb7+ Kxf6 47. c6 Rd2+ 48.
Kc5 Rxa2 49. c7 Rc2+ 50. Kb6 h5 51. Rb8 h4 52. c8=Q Rxc8 53. Rxc8 Kf5 (53...
Kg5 54. Kc5 h3 55. Kd4 Kf4 56. Rf8+ Kg3 57. Ke3 Kg2 58. Ke2 h2 59. Rg8+ Kh1 60.
Kf2 $18) (53... a4 54. Kc5 $1 a3 55. Kd4 h3 56. Rc2 Kf5 57. Ke3 Kg4 58. Kf2 $18
) 54. Rh8 Kg4 55. Kc5 $1 a4 56. Kd4 a3 57. Ke4 a2 (57... h3 58. Rg8+ Kh4 59.
Kf4 Kh5 60. Rh8+ $18) 58. Rg8+ Kh3 59. Ra8 Kg4 60. Ra7 $3 Kg3 (60... h3 61.
Rg7+ $1 Kh5 62. Kf5 Kh4 63. Kf4 Kh5 64. Rg1 Kh4 65. Kf3 $18) 61. Kf5 $1 (61.
Ra3+ $2 Kg4 62. Ke3 Kg3 $11) 61... h3 62. Ra3+ Kg2 63. Rxa2+ Kg3 64. Ra3+ Kg2
65. Kg4 h2 66. Ra2+ Kg1 67. Kg3 h1=N+ 68. Kf3 $18) 36... Rd3+ $4 {'?' Huebner,
R.} ({WGM Kiseleva immediately pointed out after the game that with} 36... Bg8
$1 $19 {I could have even lost a whole rook.} 37. Rxg8 {Huebner,R} Rxf7 38. Ke6
Rd7 $19 {ist stärker.}) 37. Kc4 Rxf7 {This was a cold shower for me.} ({
In my dream world I was expecting} 37... Red7 $4 38. Rxh7 $18) 38. Rxf7+ Rd7
39. Rf8 (39. Rf6 $5 {Huebner,R}) 39... Rg7 {'?' Huebner,R. Tricky.} (39... Rd8
40. Rf7+ Rd7 41. Rf8 $11) (39... a4 40. a3 b6 41. Kb5 bxc5 42. Kxc5 Rg7 43. Kb5
Bg8 44. f6 Rg5+ 45. Kxa4 Be6 46. f7 Rf5 47. Rh8 Bxf7 48. Rxh6 $11) (39... b6 {
Huebner,R} 40. Kb5 bxc5 41. Kxc5 Rg7 {bietet Gewinnaussichten.}) 40. f6 $4 {
'?' Huebner,R. Why to release the bishop from its prison.} (40. Kb5 {Huebner,R:
'führt zu einer ausgeglichenen Stellung.'} a4 41. a3 Rd7 42. Rf6 Bg8 (42... Kd8
43. Kxa4 Rd5 44. c6 $11) 43. Rxh6 Rh7 44. Rxh7+ Bxh7 45. f6 Kd7 46. Kxa4 Ke6
47. Kb5 Be4 48. Kb6 Kxf6 49. a4 $11) 40... Rg4+ 41. Kb5 (41. Kd5 Rg5+ 42. Ke6
Bb1 $19) ({Auf} 41. Kc3 {(Huebner,R) folgt} Bb1 {, und Schwarz gewinnt.}) 41...
Bf5 $1 $19 {With my king in the mating net I better had to resign.} 42. c6
bxc6+ 43. Kxa5 Bd7 44. Ra8 Rf4 0-1

[Event "Groningen op"]
[Site "Groningen"]
[Date "1998.12.30"]
[Round "11"]
[White "Yevseev, Denis"]
[Black "Atalik, Suat"]
[Result "1/2-1/2"]
[WhiteElo "2475"]
[BlackElo "2585"]
[Annotator "Atalik,S"]
[PlyCount "99"]
[EventDate "1998.12.??"]
[EventType "swiss"]
[EventRounds "11"]
[EventCountry "NED"]
[SourceTitle "EXT 2002"]
[Source "ChessBase"]
[SourceDate "2001.11.25"]
[SourceVersion "1"]
[SourceVersionDate "2001.11.25"]
[SourceQuality "1"]

1. d4 d5 2. c4 c6 3. Nf3 Nf6 4. Nc3 a6 5. a4 e6 6. g3 dxc4 7. Bg2 c5 8. dxc5
Qxd1+ 9. Nxd1 Bxc5 10. Ne5 Nd5 11. Nxc4 Ke7 $146 12. O-O (12. Nde3 Rd8 13.
Nxd5+ exd5 14. Be3 Bb4+ 15. Bd2 Bxd2+ 16. Nxd2 Nc6 $11) 12... Nc6 13. Nc3 Rd8
$1 14. Ne4 Bb4 15. Rd1 Bd7 16. b3 $6 (16. Bd2 Bxd2 17. Rxd2 b5) (16. a5 Be8)
16... Be8 17. Bd2 f6 18. Bxb4+ Ncxb4 19. Bf3 b5 20. Na5 Rab8 $15 21. Rdc1 Rdc8
22. axb5 axb5 $1 {xNa5} (22... Bxb5 23. Nc4) 23. Nc5 Rc7 24. Bxd5 Nxd5 (24...
exd5 25. Nd3) 25. Nd3 Rbc8 26. Rxc7+ Rxc7 $17 27. e4 Nc3 28. Re1 Ra7 $1 29. b4
Rd7 30. Nc5 $5 (30. Nc6+ Kf8 (30... Kf7 31. Nde5+ fxe5 32. Nxe5+ Ke7 33. Nxd7
Bxd7 34. f3 $15) 31. Nc5 Rd6 32. Nd4 Bf7 33. Nf3 e5 34. Ra1 Na2 $17) 30... Rd4
31. e5 f5 32. Nab7 Rxb4 33. Nd6 Bc6 $1 (33... Bd7 34. Ra1 Na4 35. Nxd7 Kxd7 36.
Nxb5 $11) 34. Nc8+ Kd8 35. Nd6 $4 (35. Na7 Bd5 36. Nxe6+ Kd7 37. Nc5+ (37. Nxg7
Re4 38. Rxe4 fxe4 $19 {xNa7}) 37... Ke8 $17) 35... Bd5 $19 36. Ra1 Rb2 37. f3
Kc7 38. Nd3 Rd2 39. Nf4 Ba2 $4 (39... b4 40. Nxd5+ Rxd5 $19) 40. Rc1 b4 41.
Nb5+ Kb6 42. Nxc3 bxc3 43. Rxc3 g5 44. Rd3 $1 $11 Rxd3 45. Nxd3 Bb1 46. Nc1 Kc5
47. Kf2 f4 48. gxf4 gxf4 49. Ne2 Bf5 50. Nxf4 (50. Nxf4 Kd4 $11) 1/2-1/2